| 000 | 00608cam a22002055a 4500 | ||
|---|---|---|---|
| 001 | L144712 | ||
| 008 | 080806s2008 xxko f 000 0 eng d | ||
| 035 | _a(Sirsi) u144712 | ||
| 041 | 0 | _aeng | |
| 050 | 0 | 4 | _a650.14 $2 18 |
| 110 | 2 |
_aRoyal Institution of Chartered Surveyors _94900 |
|
| 245 | 0 | 0 | _aWhy use a chartered quantity surveyor? |
| 260 |
_aLondon _bRICS _c2008 |
||
| 300 |
_a3p. _bill. _c21cm. |
||
| 520 | _aShort pamphlet covering the benefits of hiring a chartered quantity surveyor. | ||
| 521 | _aAdvanced | ||
| 651 | 4 |
_aUnited Kingdom _y |
|
| 690 |
_aQuantity surveying _96263 |
||
| 942 | _n0 | ||
| 999 |
_c108596 _d108596 |
||